000 01635nam0a2200349 4500
001 RU\NLR\bibl\427356
005 20260406160136.0
021 _aRU
_b2003-39194п
_91868
021 _aRU
_b2003-39194
_91868
035 _a(NLR Aleph) 000421238
090 _a696317
_c696317
100 _a20030808d2002 |||y0rusy50 ca
101 0 _arus
102 _aRU
105 _aac |||||||||
200 1 _aЦерковь и государство Российское : эпоха Митрополита Московского Филарета
_e[Сб. ст.
_fОтв. ред. И.Ю. Юрьева]
210 _aНью-Йорк
_cБ.и.
_d2002
215 _a219,[1] с.
_cил., портр.
_d19
225 1 _aРусское возрождение
_eНезависимый рус. православ. нац. альм.
_x0222-1543
_vN 80
320 _aБиблиогр. в подстроч. примеч.
600 1 _aДроздов
_bВ.М.
_f1782 - 1867
_gВасилий Михайлович
_91597276
_3RU\NLR\auth\661001137
600 0 _aФиларет
_cДроздов, Василий Михайлович; митрополит
_f1782 - 1867
_92295218
_3RU\NLR\auth\661374389
686 _aЭ372.24-35-028
702 0 _4570
_7ca
_8rus
_aФиларет
_cДроздов, Василий Михайлович
_cмитрополит Московский и Коломенский
_f1782-1867
_3RU\NLR\AUTH\778137
_9118054
702 1 _aЮрьева
_bИ. Ю.
_4340
801 0 _aRU
_bNLR
_c20030808
_gPSBO
801 1 _aRU
_bNLR
_c20030808
852 _aNLR
_jП37/75
942 _cBOOK
980 _aNB